Obecná didaktika

Saved in:
Bibliographic Details
Main Author Obst, Otto, 1937- (Author)
Format Book
LanguageCzech
Published Olomouc : Univerzita Palackého v Olomouci, 2017
Edition2. vydání
Subjects
ISBN978-80-244-5141-1
Physical Description176 stran ; 30 cm

Cover

LEADER 00000aam a2200000 i 4500
001 115478
003 CZ ZlUTB
005 20260409152248.0
007 ta
008 170531s2017 xr e p 000 0 cze
015 |a cnb002900089 
020 |a 978-80-244-5141-1  |q (brožováno) 
040 |a BOA001  |b cze  |d ZLD002  |e rda 
072 7 |a 37  |x Výchova a vzdělávání  |2 Konspekt  |9 22 
072 7 |a 37.016  |x Učební osnovy. Vyučovací předměty. Učebnice  |2 Konspekt  |9 22 
080 |a 37.02  |2 MRF 
080 |a 37.016.026  |2 MRF 
080 |a (075.8)  |2 MRF 
100 1 |a Obst, Otto,  |d 1937-  |7 ola2002142307  |4 aut 
245 1 0 |a Obecná didaktika /  |c Otto Obst 
250 |a 2. vydání 
264 1 |a Olomouc :  |b Univerzita Palackého v Olomouci,  |c 2017 
300 |a 176 stran ;  |c 30 cm 
336 |a text  |b txt  |2 rdacontent 
337 |a bez média  |b n  |2 rdamedia 
338 |a svazek  |b nc  |2 rdacarrier 
500 |a Nad názvem: Univerzita Palackého v Olomouci, Pedagogická fakulta 
500 |a Dotisk v roce 2017 
504 |a Obsahuje bibliografie 
650 0 7 |a obecná didaktika  |7 ph115522  |2 czenas 
650 0 7 |a předmětová didaktika  |7 ph162893  |2 czenas 
650 0 9 |a general didactics  |2 eczenas 
650 0 9 |a teaching school subjects  |2 eczenas 
655 7 |a učebnice vysokých škol  |7 fd133772  |2 czenas 
655 9 |a textbooks (higher)  |2 eczenas 
710 2 |a Univerzita Palackého.  |b Pedagogická fakulta  |7 kn20010709375  |4 pbl  |4 isb 
910 |a ZLD002 
942 |2 udc 
952 |0 0  |1 0  |4 0  |6 S37OBSTO  |7 -1  |8 BOOK  |9 190725  |a UTBZL  |b UTBZL  |c 037  |d 2026-04-09  |l 0  |o S37/OBST,O.  |p 420010201948  |r 2026-04-09 15:23:44  |v 198.00  |w 2026-04-09  |x N:nákup  |y 01 
952 |0 0  |1 0  |4 0  |6 S37OBSTO  |7 -1  |8 BOOK  |9 190726  |a UTBZL  |b UTBZL  |c 006  |d 2026-04-09  |l 0  |o S37/OBST,O.  |p 420010201949  |r 2026-04-09 15:24:28  |v 198.00  |w 2026-04-09  |x N:nákup  |y 04 
992 |a BK  |b SKNEW 
999 |c 115478  |d 115478